[Event "Titled Tue 3rd Jun Early"]
[Site "chess.com INT"]
[Date "2025.06.03"]
[Round "2"]
[White "Kazakov, Mikhail"]
[Black "Reshetnikov, Alexey"]
[Result "1/2-1/2"]
[WhiteTitle "GM"]
[BlackTitle "IM"]
[WhiteElo "2513"]
[BlackElo "2492"]
[WhiteFideId "14102749"]
[BlackFideId "4162080"]
[EventDate "2025.06.03"]

1. e4 e6 2. d4 d5 3. exd5 exd5 4. Bd3 Nc6 5. c3 Bd6 6. Qf3 Nge7 7. Ne2 Be6 8.
Bf4 Qd7 9. h3 O-O-O 10. Nd2 Rhe8 11. O-O-O Bxf4 12. Nxf4 Bf5 13. Rhe1 b6 14. g4
Bxd3 15. Nxd3 f6 16. Nf1 Na5 17. b3 Nb7 18. Ng3 c6 19. Nf4 Ng6 20. Nfh5 Nd6 21.
Nf5 Nxf5 22. Qxf5 Rg8 23. Re6 Kb7 24. Rde1 Qc7 25. f4 Rd7 26. Kb2 Rgd8 27. a4 a5
28. R6e2 Nf8 29. Qd3 Ng6 30. f5 Nf4 31. Nxf4 Qxf4 32. Qe3 Qxe3 33. Rxe3 Kc7 34.
Kc2 Rh8 35. h4 h5 36. g5 fxg5 37. hxg5 h4 38. Rh3 Rf7 39. Re5 Kd6 40. Kd3 Rhf8
41. f6 gxf6 42. gxf6 Rxf6 43. Rxh4 Rf3+ 44. Re3 Rxe3+ 45. Kxe3 Rf6 46. Rh3 Rg6
47. Kd3 c5 48. dxc5+ bxc5 49. Rf3 Ke5 50. Re3+ Kd6 51. Rh3 Rf6 52. Rg3 Kc6 53.
Rh3 Rg6 54. Rf3 Kd6 55. Rh3 Rf6 56. Rg3 Ke5 57. Re3+ Kd6 58. Rh3 Rg6 59. Rf3 Rh6
60. Rg3 Kc6 61. Rf3 Kd6 1/2-1/2

[Event "Titled Tue 3rd Jun Early"]
[Site "chess.com INT"]
[Date "2025.06.03"]
[Round "2"]
[White "Andrade, Ivan"]
[Black "Silich, Yahor"]
[Result "1/2-1/2"]
[WhiteTitle "FM"]
[BlackTitle "FM"]
[WhiteElo "2161"]
[BlackElo "2216"]
[WhiteFideId "14800039"]
[BlackFideId "13513656"]
[EventDate "2025.06.03"]

1. e4 c5 2. Nf3 Nc6 3. Bb5 e6 4. O-O Nge7 5. c3 a6 6. Ba4 b5 7. Bc2 d5 8. d4
cxd4 9. exd5 Qxd5 10. cxd4 Nb4 11. Bb3 Qd8 12. a4 Bb7 13. axb5 axb5 14. Rxa8
Qxa8 15. Nc3 Bc6 16. Re1 Ned5 17. Ne5 Be7 18. Nxc6 Qxc6 19. Ne4 O-O 20. h4 Nf6
21. Nc3 h6 22. Qe2 Nbd5 23. Qxb5 Qxb5 24. Nxb5 Rb8 25. Bc4 Nb6 26. Bf1 Bb4 27.
Rd1 Nfd5 28. Be3 Be7 29. Rc1 Bxh4 30. g3 Bf6 31. Bd2 Ra8 32. Bd3 h5 33. Rc6 g6
34. Nd6 Ra1+ 35. Kg2 Ra2 36. Bc1 Bxd4 37. Nc4 Ra1 38. Nxb6 Bxb6 39. Be4 Nf6 40.
Bf3 Bd4 41. Rc8+ Kg7 42. Rc7 Rb1 43. Rc2 Be5 44. Be2 Bd4 45. f4 Ra1 46. Bf3 Ra4
47. Bd2 Ra2 48. Bc1 Ra1 49. Be2 Rb1 50. Kf3 Ra1 51. Kg2 Nd5 52. Bf3 Nf6 53. Be2 1/2-1/2

[Event "Titled Tue 3rd Jun Early"]
[Site "chess.com INT"]
[Date "2025.06.03"]
[Round "2"]
[White "Sharshenbekov, Emir"]
[Black "Sjugirov, Sanan"]
[Result "0-1"]
[WhiteTitle "CM"]
[BlackTitle "GM"]
[WhiteElo "2091"]
[BlackElo "2638"]
[WhiteFideId "13810634"]
[BlackFideId "4189302"]
[EventDate "2025.06.03"]

1. e4 c5 2. Nf3 d6 3. Bb5+ Bd7 4. Bxd7+ Qxd7 5. O-O Nf6 6. d3 Nc6 7. c4 g6 8.
Nc3 Bg7 9. Rb1 O-O 10. a3 Ng4 11. Nd5 e6 12. Ne3 Nge5 13. b4 Nxf3+ 14. Qxf3 cxb4
15. axb4 b5 16. Bb2 Nd4 17. Bxd4 Bxd4 18. Rfc1 Rfc8 19. h4 a6 20. h5 Qe7 21.
hxg6 hxg6 22. Nc2 Bg7 23. Na3 Rcb8 24. Qe3 Qa7 25. c5 dxc5 26. bxc5 Rd8 27. e5
Qd7 28. c6 Qd5 29. Rc5 Qa2 30. Rc3 Bf8 31. Qc1 Rac8 32. Ra1 Qd5 33. Nc2 Rxc6 34.
Ne3 Rxc3 35. Qxc3 Qxd3 36. Qxd3 Rxd3 37. Rxa6 Rd4 38. Rb6 b4 39. Kh2 Bh6 40. Kg3
Bxe3 41. fxe3 Rc4 42. Kf3 Kg7 43. g4 g5 44. Rb5 Kf8 45. Rb7 Ke8 46. Rb6 Kd7 47.
Rb7+ Kc6 48. Rxf7 b3 49. Rf8 Rb4 50. Rc8+ Kb5 51. Rc1 b2 52. Rb1 Kc4 53. Ke2 Kc3 0-1

[Event "Titled Tue 3rd Jun Early"]
[Site "chess.com INT"]
[Date "2025.06.03"]
[Round "2"]
[White "Dwilewicz, Katarzyna"]
[Black "Kolb, Tobias"]
[Result "1/2-1/2"]
[WhiteTitle "WFM"]
[BlackTitle "FM"]
[WhiteElo "2207"]
[BlackElo "2402"]
[WhiteFideId "1148486"]
[BlackFideId "12992321"]
[EventDate "2025.06.03"]

1. e4 c6 2. d4 d5 3. exd5 cxd5 4. Bd3 Nc6 5. c3 Qc7 6. Ne2 Bg4 7. O-O e6 8. Qe1
Nf6 9. f3 Bh5 10. Nf4 Bg6 11. Nxg6 hxg6 12. g3 Bd6 13. Kg2 O-O 14. Bg5 Rfe8 15.
Bxf6 gxf6 16. f4 Kg7 17. Nd2 e5 18. dxe5 fxe5 19. f5 e4 20. Bc2 Ne5 21. f6+ Kg8
22. Qe3 Qb6 23. Qxb6 axb6 24. Bb3 Ng4 25. Rae1 Bc5 26. Bxd5 Rad8 27. c4 Ne3+ 28.
Rxe3 Bxe3 29. Nxe4 Rxd5 30. cxd5 Rxe4 31. Re1 Re5 32. d6 Rd5 33. Rxe3 Rxd6 34.
Re8+ Kh7 35. Re7 Rxf6 36. Rxb7 Kg7 37. b4 Rc6 38. a3 g5 39. h3 Kg6 40. Kf3 Rc3+
41. Kf2 Rc6 42. b5 Rd6 43. a4 Re6 44. Rc7 f6 45. Rc6 Re4 46. Rxb6 Rxa4 47. Rb7
Rb4 48. g4 Rb3 49. Kg2 Rb2+ 50. Kf3 Rb3+ 51. Ke4 Rxh3 52. b6 Rg3 53. Rc7 Rxg4+
54. Kd5 Rb4 55. b7 g4 56. Kc5 Rb1 57. Kc6 f5 58. Rc8 Kg5 59. b8=Q Rxb8 60. Rxb8
g3 61. Rg8+ Kf4 62. Kd5 Kf3 63. Ke5 g2 64. Rxg2 Kxg2 65. Kxf5 1/2-1/2

[Event "Titled Tue 3rd Jun Early"]
[Site "chess.com INT"]
[Date "2025.06.03"]
[Round "2"]
[White "Anakok, Deniz"]
[Black "Soham, Kamotra"]
[Result "0-1"]
[WhiteTitle "CM"]
[BlackTitle "IM"]
[WhiteElo "2058"]
[BlackElo "2407"]
[WhiteFideId "51603586"]
[BlackFideId "46647490"]
[EventDate "2025.06.03"]

1. e4 c6 2. Nc3 d5 3. Nf3 dxe4 4. Nxe4 Nf6 5. Qe2 Nxe4 6. Qxe4 Be6 7. d4 Nd7 8.
c3 Nf6 9. Qc2 Bd5 10. Be2 e6 11. Bg5 Be7 12. O-O h6 13. Be3 Be4 14. Qb3 Qc7 15.
Ne5 O-O 16. f3 Bh7 17. a4 Nd5 18. Bd2 c5 19. Rac1 Rac8 20. Kh1 Bd6 21. f4 f6 22.
Bc4 fxe5 23. Bxd5 exd5 24. Qxd5+ Kh8 25. fxe5 Be7 26. Qe6 Bg8 27. Qh3 Qc6 28.
Qd3 Bd5 29. Qh3 Qe6 30. Qg3 cxd4 31. cxd4 Rxc1 32. Rxc1 Qf5 33. Rg1 Qf2 34. Qd3
Bh4 35. Be3 Qxb2 36. Qg6 Qb6 37. Qg4 Be7 38. Bf4 Qe6 39. Qg3 Qf5 40. Be3 Qe4 41.
Bd2 Bh4 42. Qh3 Qxd4 43. Be3 Qe4 44. Bd2 Kh7 45. Bc3 Rf2 46. Be1 Rxg2 47. Qxg2
Qxg2+ 48. Rxg2 Bxe1 49. Kg1 Bxg2 50. Kxg2 Bb4 51. Kf3 Kg6 52. Ke4 Kf7 53. Kd5
Ke7 54. h4 g6 55. Kd4 Ke6 56. Ke4 Bc3 0-1

[Event "Titled Tue 3rd Jun Early"]
[Site "chess.com INT"]
[Date "2025.06.03"]
[Round "2"]
[White "Shuvalov, Evgenij"]
[Black "Emujin Enkh-Amgalan"]
[Result "0-1"]
[BlackTitle "WCM"]
[WhiteElo "1986"]
[BlackElo "1917"]
[WhiteFideId "4187237"]
[BlackFideId "4908023"]
[EventDate "2025.06.03"]

1. d4 Nf6 2. c4 e6 3. Nf3 b6 4. Bf4 Ba6 5. e3 Bb4+ 6. Nfd2 O-O 7. a3 Bd6 8. Bg5
c5 9. Ne4 Be7 10. Bxf6 Bxf6 11. dxc5 bxc5 12. Nxf6+ Qxf6 13. Nc3 d5 14. cxd5
Bxf1 15. Kxf1 Rd8 16. Qf3 Qxf3 17. gxf3 exd5 18. Rd1 d4 19. Na4 Na6 20. Ke2 dxe3
21. fxe3 f6 22. Rxd8+ Rxd8 23. Rc1 Rd5 24. Rc2 Kf7 25. e4 Rh5 26. Ke3 Ke7 27.
Nc3 Nc7 28. Na4 Ne6 29. Nc3 Nc7 30. Rd2 Re5 31. Rg2 g5 32. h4 h6 33. hxg5 hxg5
34. Rh2 Kd6 35. Rh7 a6 36. Rf7 Re6 37. f4 gxf4+ 38. Kxf4 Kc6 39. Kf5 Rd6 40.
Rxf6 Ne8 41. Rxd6+ Kxd6 42. e5+ Ke7 43. Nd5+ Kd7 44. Ke4 Kc6 45. Ne7+ Kd7 46.
Nf5 Ke6 47. Ne3 Nc7 48. Nc4 Nb5 49. Nd2 Nd4 0-1

[Event "Titled Tue 3rd Jun Early"]
[Site "chess.com INT"]
[Date "2025.06.03"]
[Round "2"]
[White "Hovakimyan, Vache"]
[Black "Mitrabha, Guha"]
[Result "0-1"]
[WhiteTitle "FM"]
[BlackTitle "GM"]
[WhiteElo "2282"]
[BlackElo "2515"]
[WhiteFideId "13317288"]
[BlackFideId "5057000"]
[EventDate "2025.06.03"]

1. c4 b6 2. Nc3 Bb7 3. Nf3 e6 4. g3 c5 5. Bg2 Nf6 6. O-O Be7 7. d4 cxd4 8. Qxd4
O-O 9. Bf4 d6 10. Qd2 Nbd7 11. Rfd1 e5 12. Bg5 Rc8 13. b3 a6 14. Rac1 Qc7 15.
Ne1 Rfd8 16. Bxb7 Qxb7 17. Ng2 b5 18. cxb5 axb5 19. Ne3 b4 20. Ncd5 Nxd5 21.
Nxd5 Bxg5 22. Qxg5 f6 23. Qd2 Nc5 24. Qxb4 Qf7 25. Ne3 Ra8 26. Nf5 Nb7 27. Nxd6
Nxd6 28. Rxd6 Rdb8 29. Qd2 h5 30. Rd7 Qg6 31. Rcc7 h4 32. Qd5+ Kh7 33. Qf7 Rg8
34. Qxg6+ Kxg6 35. a4 h3 36. f3 Rab8 37. Rb7 Rbc8 38. Kf2 Rc1 39. g4 Ra1 40. Kg3
f5 41. gxf5+ Kxf5 42. Kf2 Rh1 43. Rf7+ Kg6 44. Ke3 Rxh2 45. Rfe7 Rg2 46. Rb6+
Kh5 47. Rxe5+ g5 48. Ree6 Rh8 49. Rbc6 h2 50. Rc1 Rg1 0-1

[Event "Titled Tue 3rd Jun Early"]
[Site "chess.com INT"]
[Date "2025.06.03"]
[Round "2"]
[White "Diachek, Andrii"]
[Black "Sydykov, Bayastan"]
[Result "1/2-1/2"]
[WhiteTitle "CM"]
[BlackTitle "FM"]
[WhiteElo "2226"]
[BlackElo "2301"]
[WhiteFideId "34106499"]
[BlackFideId "13829610"]
[EventDate "2025.06.03"]

1. c4 Nf6 2. Nc3 g6 3. g3 Bg7 4. Bg2 O-O 5. e4 d6 6. Nge2 c5 7. d3 Nc6 8. O-O a6
9. h3 Rb8 10. Be3 b5 11. cxb5 axb5 12. d4 b4 13. Nd5 c4 14. Nxf6+ exf6 15. d5
Ne5 16. Nd4 Bd7 17. f4 Nd3 18. b3 Nb2 19. Qc2 c3 20. f5 g5 21. a3 Qb6 22. Bf2
Qb7 23. Rfc1 Rfc8 24. axb4 Qxb4 25. Ra7 Be8 26. Kh2 Bb5 27. Nxb5 Qxb5 28. Bd4
Qxb3 29. Bxc3 Qxc2 30. Rxc2 Nd3 31. Bf1 Nb4 32. Rc1 g4 33. Raa1 Bh6 34. Bxb4
Bxc1 35. Bxd6 Rb2+ 36. Kh1 gxh3 37. Bxh3 Be3 38. e5 fxe5 39. Bxe5 Re2 40. f6 Re8
41. d6 Bb6 42. d7 R2xe5 43. dxe8=Q+ Rxe8 44. Ra4 h6 45. Bf5 Be3 46. Rg4+ Bg5 47.
Re4 Rd8 48. Bg4 Bxf6 49. Bf3 Bg5 50. Kg2 Rd2+ 51. Re2 Rd6 52. Bg4 Kg7 53. Kf3
Kg6 54. Kg2 f5 55. Bf3 h5 56. Rc2 Be3 57. Rc6 Rxc6 58. Bxc6 Kg5 59. Kf3 Bc5 60.
Bd7 Bd6 61. Bc8 Be5 62. Bd7 Kf6 63. Bc8 Bc7 64. Bd7 Ke5 65. Bc8 Bd8 66. Bd7 Bg5
67. Bc8 Kf6 68. Bd7 Bd2 69. Bc8 Kg5 70. Bd7 f4 71. gxf4+ Bxf4 72. Kg2 Kh4 73.
Bh3 Bg3 74. Bc8 1/2-1/2

[Event "Titled Tue 3rd Jun Early"]
[Site "chess.com INT"]
[Date "2025.06.03"]
[Round "2"]
[White "Redor, Menandro"]
[Black "Gunawardhana, Devindya Oshini"]
[Result "0-1"]
[BlackTitle "WIM"]
[WhiteElo "2021"]
[BlackElo "2068"]
[WhiteFideId "5222010"]
[BlackFideId "29941482"]
[EventDate "2025.06.03"]

1. d4 d5 2. Bf4 Nf6 3. e3 e6 4. Nf3 Bd6 5. Ne5 O-O 6. Nd2 c5 7. c3 Qc7 8. Ndf3
Nc6 9. Bd3 Ne4 10. Nxc6 Bxf4 11. Nce5 Bxe5 12. Nxe5 cxd4 13. exd4 b6 14. O-O Bb7
15. Qc2 f6 16. Nf3 Qd6 17. Rfe1 Rac8 18. Rad1 Qf4 19. Nd2 Qxf2+ 20. Kh1 f5 21.
Re2 Qh4 22. Kg1 Qf6 23. Rf1 Qh6 24. Nf3 Qf6 25. Ne5 Qe7 26. Re3 Rf6 27. Qe2 Rcf8
28. Bxe4 fxe4 29. Rxf6 Qxf6 30. h3 Qf4 31. Qe1 Ba6 32. Ng4 Qf1+ 33. Qxf1 Rxf1+
34. Kh2 h5 35. Rg3 hxg4 36. Rxg4 Rf2 37. Rg6 Kf7 38. Rg5 Rxb2 39. Re5 Rxa2 40.
h4 Bf1 41. h5 Bxg2 42. Rg5 Bf3+ 43. Kg3 Rg2+ 44. Kh4 Rxg5 45. Kxg5 a5 46. c4
dxc4 47. d5 exd5 48. h6 gxh6+ 49. Kxh6 c3 0-1

[Event "Titled Tue 3rd Jun Early"]
[Site "chess.com INT"]
[Date "2025.06.03"]
[Round "2"]
[White "Karvatskyi, Oleksii"]
[Black "Masague Artero, Guerau"]
[Result "1-0"]
[WhiteTitle "CM"]
[BlackTitle "FM"]
[WhiteElo "2248"]
[BlackElo "2326"]
[WhiteFideId "14191059"]
[BlackFideId "32098952"]
[EventDate "2025.06.03"]

1. Nc3 g6 2. h4 Nf6 3. e4 d5 4. e5 Nh5 5. g4 Ng7 6. h5 gxh5 7. gxh5 c5 8. Bg2 d4
9. Ne4 Qc7 10. Nf3 Nc6 11. Nxc5 Nxe5 12. Nxe5 Qxe5+ 13. Ne4 f5 14. h6 Ne6 15.
Qh5+ Kd8 16. d3 Bd7 17. Bd2 Be8 18. f4 Nxf4 19. Bxf4 Qxf4 20. Qg5 Qxg5 21. Nxg5
Kd7 22. Bd5 Bg6 23. O-O-O e5 24. Bxb7 Be7 25. Nf3 Rab8 26. Bd5 Kd6 27. Bb3 Bf6
28. Kb1 a5 29. Nd2 Kc5 30. Rdf1 Rhf8 31. a4 e4 32. dxe4 fxe4 33. Rf4 e3 34. Ne4+
Bxe4 35. Rxe4 Rbe8 36. Rh5+ Kb6 37. Be6 Re7 38. Rb5+ Ka6 39. Rf5 Ree8 40. Rxf6
Rxf6 41. Bc4+ Kb6 42. Rxe8 Kc5 43. Bd3 Rxh6 44. Re5+ Kd6 45. Re4 Rh1+ 46. Ka2
Kd5 47. c4+ dxc3 48. bxc3 Rh3 49. Kb3 h5 50. Re8 Rg3 51. Bc4+ Kd6 52. Re6+ Kd7
53. Rh6 Rg5 54. Kc2 Re5 55. Be2 Rd5 56. Kb3 Rd2 57. Bb5+ 1-0

[Event "Titled Tue 3rd Jun Early"]
[Site "chess.com INT"]
[Date "2025.06.03"]
[Round "2"]
[White "Fernandes, Rogerio Paulo Muller"]
[Black "Kambrath, Yannick"]
[Result "0-1"]
[BlackTitle "IM"]
[WhiteElo "2241"]
[BlackElo "2389"]
[WhiteFideId "2101599"]
[BlackFideId "20632525"]
[EventDate "2025.06.03"]

1. c4 e6 2. g3 d5 3. Bg2 Nf6 4. Nf3 d4 5. d3 c5 6. O-O Nc6 7. Bg5 Bd6 8. Nbd2 h6
9. Bxf6 Qxf6 10. a3 Qd8 11. Rb1 O-O 12. Ne1 e5 13. Nc2 Bf5 14. b4 cxb4 15. axb4
Qe7 16. b5 Nb4 17. Nxb4 Bxb4 18. Ne4 a6 19. bxa6 Rxa6 20. Qb3 Rb6 21. Qa4 Bd7
22. Qa7 Qe6 23. Rb3 f5 24. Rfb1 fxe4 25. Rxb4 Rxb4 26. Rxb4 exd3 27. exd3 Bc6
28. Bxc6 bxc6 29. Rb7 Qf6 30. Qa2 c5 31. Qe2 Ra8 32. Kg2 Rf8 33. Rb2 Qf5 34. Rd2
Rb8 35. Qf3 Qe6 36. Re2 Re8 37. Qe4 Qf6 38. f4 Rf8 39. Qxe5 Qb6 40. Qe6+ Qxe6
41. Rxe6 Rb8 42. Re5 Rb2+ 43. Kf3 Rd2 44. Ke4 Re2+ 45. Kd5 Rd2 46. Kxc5 Rxd3 47.
Rd5 Rd1 48. Rxd4 Rc1 49. Kd5 Kf7 50. c5 Ke7 51. Kc6 Ke6 52. Re4+ Kf5 53. Re7 Kf6
54. Rd7 Ke6 55. Rd6+ Ke7 56. f5 Rb1 57. Rd7+ Kf8 58. Kd6 Rd1+ 59. Ke6 Re1+ 60.
Kd5 Rd1+ 61. Kc6 Rc1 62. Kb6 Ke8 0-1

[Event "Titled Tue 3rd Jun Early"]
[Site "chess.com INT"]
[Date "2025.06.03"]
[Round "2"]
[White "Jia, Haoxiang"]
[Black "Klekowski, Maciej"]
[Result "0-1"]
[WhiteTitle "IM"]
[BlackTitle "GM"]
[WhiteElo "2316"]
[BlackElo "2474"]
[WhiteFideId "8602999"]
[BlackFideId "1132717"]
[EventDate "2025.06.03"]

1. Nf3 Nf6 2. g3 d5 3. Bg2 Bf5 4. O-O h6 5. d3 e6 6. c4 c6 7. Nbd2 Nbd7 8. b3
Bc5 9. Bb2 O-O 10. a3 a5 11. Ra2 Re8 12. Qa1 Bh7 13. Ne5 Nxe5 14. Bxe5 Bf8 15.
Nf3 Nd7 16. Bc3 f6 17. cxd5 cxd5 18. Rc1 Kh8 19. Nd4 e5 20. Nb5 Nc5 21. Rb2 a4
22. bxa4 Nxa4 23. Rb3 Nxc3 24. Qxc3 d4 25. Qc7 Bg8 26. Rbb1 Re7 27. Qxd8 Rxd8
28. Rc7 Rxc7 29. Nxc7 Bxa3 30. Rxb7 Bd6 31. Nb5 Bf8 32. h4 Rc8 33. Be4 Be6 34.
Kg2 f5 35. Bf3 g5 36. hxg5 hxg5 37. Nc7 Bg8 38. Bh5 Bd6 39. Ne8 Bd5+ 40. Bf3
Bxf3+ 41. Kxf3 Rxe8 42. Rf7 e4+ 43. Kg2 exd3 44. exd3 f4 45. Rd7 Be5 46. Kf3
fxg3 47. fxg3 Bf6 48. Rd6 Kg7 49. Rd7+ Kg6 50. g4 Re3+ 51. Kf2 Rxd3 52. Rd6 Re3
53. Kg2 Re4 54. Kf3 Rf4+ 55. Kg3 Kf7 56. Rd7+ Ke6 57. Rb7 Ke5 58. Rb6 Ke4 59.
Re6+ Be5 60. Kg2 Rxg4+ 61. Kf2 Rf4+ 62. Ke2 g4 63. Rg6 d3+ 64. Kd2 Rf2+ 65. Ke1
g3 66. Rg4+ Bf4 67. Kd1 Rf1# 0-1

[Event "Titled Tue 3rd Jun Early"]
[Site "chess.com INT"]
[Date "2025.06.03"]
[Round "2"]
[White "Pribelszky, Bence"]
[Black "De Sousa, Antonio Micaias Silva"]
[Result "1-0"]
[WhiteTitle "IM"]
[WhiteElo "2400"]
[BlackElo "2007"]
[WhiteFideId "769738"]
[BlackFideId "22798528"]
[EventDate "2025.06.03"]

1. d4 d5 2. c4 dxc4 3. e4 e5 4. d5 Nf6 5. Nc3 b5 6. Bg5 Bc5 7. Qf3 a6 8. a4 b4
9. Nd1 Nbd7 10. Bxc4 h6 11. Be3 Bd6 12. Ne2 Nc5 13. Bxc5 Bxc5 14. Ne3 O-O 15.
O-O Qe7 16. Nf5 Bxf5 17. Qxf5 Rfd8 18. Rac1 g6 19. Qf3 Kg7 20. Bd3 Bd6 21. Rc6
a5 22. Rfc1 Nd7 23. Bb5 Nb6 24. Ng3 Qf6 25. Qxf6+ Kxf6 26. Nf1 Ke7 27. Ne3 h5
28. h4 Rab8 29. g3 Ra8 30. Ng2 Rab8 31. f4 Nd7 32. f5 gxf5 33. Ne3 Nf6 34. Nxf5+
Kf8 35. Re1 Rb6 36. Rxb6 cxb6 37. Kg2 Bc5 38. Kf3 Ng4 39. Be2 Nf6 40. Rd1 Kg8
41. d6 Kf8 42. Bb5 Ng4 43. d7 Nf6 44. Ne3 Bxe3 45. Kxe3 Ke7 46. Rc1 Nxd7 47. Rc7
Kd6 48. Rc6+ Ke7 49. Be2 Nc5 50. Rxb6 Nxa4 51. Rb7+ Rd7 52. Rxd7+ Kxd7 53. Bb5+
Kd6 54. Bxa4 Kc5 55. Bd1 a4 56. Bxh5 a3 57. bxa3 bxa3 58. Bxf7 Kb4 59. Kd3 1-0

[Event "Titled Tue 3rd Jun Early"]
[Site "chess.com INT"]
[Date "2025.06.03"]
[Round "2"]
[White "Jai Sankar Subramanian"]
[Black "Yushko, Olga"]
[Result "1-0"]
[WhiteTitle "FM"]
[BlackTitle "WFM"]
[WhiteElo "2307"]
[BlackElo "2036"]
[WhiteFideId "25931970"]
[BlackFideId "14114500"]
[EventDate "2025.06.03"]

1. Nf3 Nf6 2. c4 e6 3. Nc3 d5 4. cxd5 exd5 5. e3 c6 6. d4 Nbd7 7. Bd3 Bd6 8. Qc2
O-O 9. h3 Re8 10. O-O Nf8 11. e4 dxe4 12. Nxe4 Nxe4 13. Bxe4 Bc7 14. Re1 Be6 15.
Be3 Bd5 16. Bxd5 Qxd5 17. Qb3 Rad8 18. Qxb7 Bb6 19. Rac1 Re6 20. Qa6 c5 21. dxc5
Bxc5 22. Qc4 Bxe3 23. Rxe3 Qa5 24. Qc7 Qd5 25. Rxe6 Nxe6 26. Qxa7 Nf4 27. Qe3
Ne6 28. a3 h6 29. b4 Ra8 30. Qc3 Qa2 31. Ra1 Qe2 32. Nd4 Qe5 33. Qf3 Nc7 34. Rd1
Rd8 35. Nc6 Rxd1+ 36. Qxd1 Qe8 37. Qd8 Qxd8 38. Nxd8 Nd5 39. Nc6 Kf8 40. Kf1 Ke8
41. Ke2 Kd7 42. Nd4 Kd6 43. Kd2 g6 44. g3 Kc7 45. h4 Kb6 46. Kc2 f5 47. Kb3 f4
48. a4 fxg3 49. fxg3 Ne3 50. a5+ Ka6 51. Ka4 1-0

[Event "Titled Tue 3rd Jun Early"]
[Site "chess.com INT"]
[Date "2025.06.03"]
[Round "2"]
[White "Efimov, Leonid"]
[Black "Salonen, Aku"]
[Result "0-1"]
[WhiteTitle "FM"]
[BlackTitle "FM"]
[WhiteElo "2260"]
[BlackElo "2314"]
[WhiteFideId "54165725"]
[BlackFideId "517577"]
[EventDate "2025.06.03"]

1. Nf3 d5 2. g3 Nf6 3. Bg2 e6 4. O-O Be7 5. c4 c5 6. cxd5 exd5 7. d4 Nc6 8. Be3
c4 9. b3 cxb3 10. Qxb3 O-O 11. Ne5 Qb6 12. Nc3 Be6 13. Qxb6 axb6 14. Rab1 Nb4
15. Rb3 Rfc8 16. Bf3 Ne4 17. Rc1 f6 18. Nd3 Nxd3 19. exd3 Nxc3 20. Rcxc3 Rxc3
21. Rxc3 Bd6 22. Rb3 Bc7 23. Rb2 Kf7 24. Kf1 Ke7 25. Ke2 g5 26. Kd2 Ra3 27. h4
gxh4 28. gxh4 f5 29. Bg5+ Kd7 30. h5 f4 31. h6 Bf5 32. Be2 f3 33. Bf1 b5 34. Be3
Ba5+ 35. Kc2 Rc3+ 36. Kb1 Kc6 37. Rc2 b4 38. Bd2 Rxc2 39. Kxc2 Bb6 40. Be3 Kb5
41. Kb3 Bd8 42. Bd2 Bf6 43. Be3 Bh8 44. Kc2 Ka4 45. Kb2 Bf6 46. Kc2 Ka3 47. Kb1
b3 48. axb3 Kxb3 49. Kc1 Kc3 50. Kd1 Bxd3 51. Bh3 Bxd4 52. Bd2+ Kc4 53. Bc8 Bxf2
54. Bxb7 Bc5 55. Ba6+ Kd4 56. Bc8 f2 57. Bh3 f1=Q+ 58. Bxf1 Bxf1 59. Ke1 Bd3 60.
Kf2 Kc4+ 61. Kf3 Bg6 62. Be3 d4 63. Bf4 d3 64. Bd2 Bb4 65. Ke3 Bxd2+ 66. Kxd2
Kd4 67. Kd1 Kc3 68. Ke1 d2+ 69. Kd1 Bh5# 0-1

[Event "Titled Tue 3rd Jun Early"]
[Site "chess.com INT"]
[Date "2025.06.03"]
[Round "2"]
[White "Gkavardinas, Antonios"]
[Black "Kholyavko, Mariya"]
[Result "1-0"]
[WhiteTitle "FM"]
[BlackTitle "WFM"]
[WhiteElo "2313"]
[BlackElo "2130"]
[WhiteFideId "25883097"]
[BlackFideId "13748505"]
[EventDate "2025.06.03"]

1. e4 e5 2. Nf3 Nc6 3. d4 exd4 4. Bc4 Nf6 5. e5 d5 6. Bb5 Ne4 7. O-O a6 8. Bxc6+
bxc6 9. Nxd4 Bd7 10. Nd2 Nxd2 11. Bxd2 c5 12. Nf3 Be6 13. c3 Be7 14. Qa4+ Bd7
15. Qf4 O-O 16. Be3 f6 17. Rad1 fxe5 18. Qxe5 c6 19. Qh5 Bf5 20. Ne5 Qc7 21. f4
Bd6 22. Rde1 Rae8 23. Nf3 Bg6 24. Qg4 c4 25. Nh4 Bd3 26. g3 Rxe3 27. Rxe3 Bc5
28. Qe6+ Kh8 29. Re1 Be4 30. Kf1 Bxe3 31. Rxe3 Qb6 32. Re2 Bd3 33. Nf3 Qxb2 34.
Nd4 Qxc3 35. Nxc6 d4 36. Ne5 Bxe2+ 37. Kxe2 Qe3+ 38. Kf1 Qc1+ 39. Kg2 Qc2+ 40.
Kg1 h6 41. Ng6+ Qxg6 42. Qxg6 d3 43. Kf2 Rd8 44. Ke1 c3 45. Qc6 c2 46. Kd2 a5
47. Qc4 a4 48. h4 a3 49. h5 Kh7 50. Qe4+ Kh8 51. Qb4 Rc8 52. Qxa3 Kg8 53. Qb3+
Kh8 54. Qb2 Kh7 55. a4 Ra8 56. Qb3 Rc8 57. Qxd3+ Kh8 58. Qxc2 1-0

[Event "Titled Tue 3rd Jun Early"]
[Site "chess.com INT"]
[Date "2025.06.03"]
[Round "2"]
[White "Rodriguez Polo, Mateo"]
[Black "Naranjo Moreno, Antonio"]
[Result "1-0"]
[WhiteTitle "CM"]
[BlackTitle "FM"]
[WhiteElo "2219"]
[BlackElo "2289"]
[WhiteFideId "24509396"]
[BlackFideId "2278626"]
[EventDate "2025.06.03"]

1. d4 Nf6 2. a3 g6 3. Nf3 Bg7 4. e3 O-O 5. Be2 c5 6. O-O cxd4 7. exd4 b6 8. Re1
Bb7 9. c3 d6 10. Bg5 Nbd7 11. Nbd2 h6 12. Bh4 Qc7 13. a4 Rfe8 14. a5 e5 15. dxe5
dxe5 16. axb6 axb6 17. Rxa8 Bxa8 18. Bb5 Re7 19. Nc4 g5 20. Bg3 Nh5 21. Nfxe5
Nxg3 22. Nxd7 Qb7 23. f3 Nf5 24. Rxe7 Nxe7 25. Qe2 Bf8 26. Qe5 Ng6 27. Nf6+ Kh8
28. Qf5 Qe7 29. Ne4 Bxe4 30. fxe4 Kg7 31. Bc6 Qd8 32. Bd5 Qc7 33. Ne3 Nf4 34. e5
Bc5 35. Qf6+ Kg8 36. Kf2 Kf8 37. Kf3 Ke8 38. Nf5 Kf8 39. Ng7 Kg8 40. Nf5 Kf8 41.
Qg7+ Ke8 42. Qg8+ Kd7 43. Qxf7+ Kc8 44. Qe8+ Qd8 45. Qxd8+ Kxd8 46. g3 Nd3 47.
b4 Nxe5+ 48. Ke4 Ng4 49. bxc5 bxc5 50. Be6 Nxh2 51. Kd5 Kc7 52. Kxc5 Nf1 53. Kd5
Nxg3 54. Nxg3 h5 55. Nxh5 Kb6 56. Ng3 g4 57. c4 Kc7 58. c5 Kd8 59. Bxg4 Ke7 60.
c6 Kf6 61. c7 Ke7 62. c8=Q Kf6 63. Qe6+ Kg5 64. Qf5+ Kh4 65. Qh5+ Kxg3 66. Qh3+
Kf4 67. Qf3+ Kg5 68. Bd7 Kh4 69. Qg2 Kh5 70. Ke5 Kh6 71. Kf6 Kh7 72. Qg7# 1-0

[Event "Titled Tue 3rd Jun Early"]
[Site "chess.com INT"]
[Date "2025.06.03"]
[Round "2"]
[White "Gong, Qianyun"]
[Black "Bortnyk, Olexandr"]
[Result "0-1"]
[WhiteTitle "WGM"]
[BlackTitle "GM"]
[WhiteElo "2265"]
[BlackElo "2601"]
[WhiteFideId "8602425"]
[BlackFideId "14120828"]
[EventDate "2025.06.03"]

1. e4 Nf6 2. e5 Nd5 3. d4 d6 4. Nf3 dxe5 5. Nxe5 c6 6. Be2 Bf5 7. O-O Nd7 8. Nf3
e6 9. h3 Bd6 10. c4 N5f6 11. Nc3 O-O 12. Be3 h6 13. a3 a5 14. Qb3 Qc7 15. Rac1
Rfe8 16. Rfd1 e5 17. c5 Bf8 18. Bc4 Be6 19. Bxe6 Rxe6 20. dxe5 Nxe5 21. Nd4 Ree8
22. Nf5 Rad8 23. Bd4 Rd7 24. Na4 Nd5 25. Qg3 Ng6 26. Qxc7 Rxc7 27. g3 f6 28. h4
h5 29. Rb1 Ne5 30. Kg2 g6 31. Nd6 Re6 32. Nc3 Bxd6 33. cxd6 Rxd6 34. Ne4 Re6 35.
Rbc1 Nd7 36. Nc3 Nxc3 37. Bxc3 b6 38. Rd2 Kf7 39. Rcd1 Ke7 40. b4 axb4 41. axb4
c5 42. bxc5 bxc5 43. Ba5 Rb7 44. Rc1 Rc6 45. Bc3 Kf7 46. Rcd1 Nf8 47. Rd8 f5 48.
R1d6 Rxd6 49. Rxd6 Ne6 50. Rc6 Rc7 51. Ra6 Ke7 52. Be5 Rd7 53. Bc3 Rd3 54. Be1
Kd7 55. Ra7+ Kc6 56. Ra6+ Kd5 57. Ra7 c4 58. Rd7+ Ke5 59. Re7 c3 60. f4+ Kd5 61.
Kf2 c2 62. Rd7+ Kc4 63. Rxd3 Kxd3 0-1